000 00181nam a2200085 4500
001 1258046
005 20260226085139.0
245 _aZÜRAFA BERBERİ
_cCANSU ERKAN
260 _bHEP KİTAP
999 _c1258046
_d1258046